000 00342nam a2200145Ia 4500
005 20250402211918.0
008 240331s9999 xx 000 0 und d
020 _a9551022017
082 _bSIV
_a894
100 _aSivakumaran, B
245 0 _aMaram vaithavan
260 _aColombo
_bMeera Pathippagam
_c2006
300 _a169 p .,
942 _cL
999 _c3884
_d3884